000
00187nam a22000857a 4500
082
_a
823
100
_a
YOGESH JOSHI
245
_a
MORAL STORIES INSPIRATIONAL STORIES FOR CHILDREN
942
_c
BK
999
_c
8305
_d
8305